| 000 | 00592nam a2200181Ia 4500 | ||
|---|---|---|---|
| 005 | 20250508154541.0 | ||
| 008 | 008 250505s9999 xx 000 0 eng d | ||
| 037 | _aTextual | ||
| 040 |
_aFEDL _beng _cFEDL |
||
| 041 |
_aeng _2eng |
||
| 084 |
_a329.54, KAU _qFEDL |
||
| 100 | _aKaushik P. D. | ||
| 245 | 0 | _aCongress ideology and programme 1920-47 : Ideological fundations of Indian Nationalism during the Gandhian era | |
| 260 |
_aBombay, India _bAllied Publishers Private Limited _c1964 |
||
| 300 | _aix,405p. | ||
| 942 |
_cTEXL _h329.54, KAU |
||
| 999 |
_c1350868 _d1350868 |
||